| 000 | 00774nam a2200145Ia 4500 | ||
|---|---|---|---|
| 008 | 100204s9999 xx 000 0 und d | ||
| 082 | _b14914 | ||
| 100 | _aलिमये विनायक राजाराम | ||
| 245 | _aजगायचे की मरायचे ? माणसाला हक्क हवा निवड करण्याचा | ||
| 260 |
_b"उन्मेष प्रकाशन , पुणे" _c1989 |
||
| 300 | _a459 | ||
| 630 | _aजगायचे की मरायचे ? माणसाला हक्क हवा निवड करण्याचा | ||
| 730 | _aजगायचे की मरायचे ? माणसाला हक्क हवा निवड करण्याचा | ||
| 942 | _cBOOK | ||
| 999 |
_c459345 _d459342 |
||